| 000 | 00517nam a2200181Ia 4500 | ||
|---|---|---|---|
| 008 | 131103s9999 xx 000 0 und d | ||
| 040 | _aLoreto College | ||
| 041 | _aEnglish | ||
| 082 |
_a954/SMI _bLCBED/4122 |
||
| 100 | _aSimth, Vincent A. | ||
| 245 | 4 |
_aThe oxford student's history of india _cVincent A.Simth |
|
| 260 |
_aDelhi _bOxford university press _c1972 |
||
| 300 |
_a440p. _c 18cm. |
||
| 504 | _aIncludes index and bibliography | ||
| 650 | _aHistory - india | ||
| 850 | _aLCBED/954/SMI | ||
| 942 | _cBK | ||
| 999 |
_c28603 _d79082 |
||